000 00301 a2200133 4500
999 _c321280
_d321280
001 86207
003 NUST
005 20180122093348.0
008 180122b xxu||||| |||| 00| 0 eng d
020 _a9789693503128
082 _a891.4394 TAJ
100 _aImtiaz Ali Taj
_99429
245 _aChachaa Chhakan
260 _aLahore
_bSang e Meel
_c2009
300 _a143 p.
942 _aCAE NUST
_cBK
_k891.4394
_2ddc